Statistics for Countries With Only Two C's

Click here to take the quiz!

General Stats

  • This quiz has been taken 108 times
    (67 since last reset)
  • The average score is 3 of 5

Answer Stats

ContinentCountry% Correct
AfricaMorocco
84%
North AmericaCosta Rica
64%
North AmericaDominican Republic
50%
AfricaRepublic of the Congo
40%
EuropeVatican City
36%

Score Distribution

Percentile by Number Answered

Percent of People with Each Score

Your Score History

You have not taken this quiz since the last reset